Fmp Free Music Production Story (Record n. 99321)

Dettagli MARC
000 -LEADER
fixed length control field 03726njm a2200517Ia 4500
001 - CONTROL NUMBER
control field D7449
003 - CONTROL NUMBER IDENTIFIER
control field IT-RoPAU
005 - DATE AND TIME OF LATEST TRANSACTION
control field 20220918181115.0
008 - FIXED-LENGTH DATA ELEMENTS--GENERAL INFORMATION
fixed length control field 131025s9999 xx 000 0 und d
040 ## - CATALOGING SOURCE
Original cataloging agency IT-RoPAU
040 ## - CATALOGING SOURCE
Transcribing agency IT-RoPAU
999 ## - SYSTEM CONTROL NUMBERS (KOHA)
Koha Dewey Subclass [OBSOLETE] n.d.
100 ## - MAIN ENTRY--PERSONAL NAME
Personal name AA.VV.
9 (RLIN) 794
100 ## - MAIN ENTRY--PERSONAL NAME
Relator term Autore musica
9 (RLIN) 31140
100 ## - MAIN ENTRY--PERSONAL NAME
Miscellaneous information Codice autore musica SPICS: 12000
9 (RLIN) 796
245 ## - TITLE STATEMENT
Title Fmp Free Music Production Story
250 ## - EDITION STATEMENT
Edition statement 2a ed.
260 ## - PUBLICATION, DISTRIBUTION, ETC. (IMPRINT)
Place of publication, distribution, etc. MILANO
260 ## - PUBLICATION, DISTRIBUTION, ETC. (IMPRINT)
Name of publisher, distributor, etc. RUSCONI
Date of publication, distribution, etc. 1996 [1a Ed.:]
300 ## - PHYSICAL DESCRIPTION
Extent COMPACT DISC
300 ## - PHYSICAL DESCRIPTION
Dimensions 73 minuti (Testo: pag.)
500 ## - GENERAL NOTE
General note Musica jazz. Cd fuori commercio allegato al n. 3 1996 della rivista "Musica jazz".
505 ## - FORMATTED CONTENTS NOTE
Formatted contents note Responsible [(Brema, maggio 1968) (9:00)] - Good Days [(Wuppertal, febbraio 1979) (5:00)] - Evidence [(Berlino, 31 marzo 1975) (7:00)] - In These Last Days [(New York, 19 aprile 1988) (4:00)] - Ressurrection of Yarak [(Berlino, maggio 1990) (9:00)] - Auf Der Elbe Schwimmt Ein Rosa Krokodil [(Berlino Est, marzo 1974) (6:00)] - Nocturnal Chirps 3 [(Berlino, 18 luglio 1985) (6:00)] - Translation [(Berlino, tra il 22 e il 24 giugno 1992) (King Ubu Orchestru) (5:00)] - Oh, My God [(Berlino, giugno 1987) (Tippett Keith) (5:00)]
511 ## - PARTICIPANT OR PERFORMER NOTE
Participant or performer note Brotzmann Peter: ten; Parker Evan: ten; Van Hove Fred: p; Kowald Peter: cb; Niebergall Buschi: cb; Bennink Han: batt; Johansson Swen-Ake: batt; Peter Brotzmann Octet
511 ## - PARTICIPANT OR PERFORMER NOTE
Participant or performer note Reichel Hans: p
511 ## - PARTICIPANT OR PERFORMER NOTE
Participant or performer note Wheeler Kenny: tr; Lacy Steve: sop; Parker Evan: ten; Dudek Gerd: ten; Mangelsdorff Albert: trne; Rutherford Paul: trne; Von Schlippenbach Alexander: p, arr; Kowald Peter: cb, tuba; Lovens Paul: batt, perc; Globe Unity Special 75
511 ## - PARTICIPANT OR PERFORMER NOTE
Participant or performer note Kowald Peter: cb; Lee Jeanne: voc
511 ## - PARTICIPANT OR PERFORMER NOTE
Participant or performer note Parker Evan: ten; Von Schlippenbach Alexander: p; Lovens Paul: batt, perc; Schlippenbach Trio
511 ## - PARTICIPANT OR PERFORMER NOTE
Participant or performer note Petrowsky Ernst-Ludwig: alto; Bauer Conrad: trne; Gumpert Ulrich: p; Sommer Gunter: batt, perc; Synopsis
511 ## - PARTICIPANT OR PERFORMER NOTE
Participant or performer note Lacy Steve: sop; Parker Evan: sop; Synopsis
511 ## - PARTICIPANT OR PERFORMER NOTE
Participant or performer note Fuchs Wolfgang: sopranino; Van Bergen Peter: ten, cl, b, cl, contrabbasso; Houtkamp Luc: cl, alto, ten; Christmann Gunter: trne; Malfatti Radu: trne; Poore Melvyn: tuba; Wachsmann Phil: viol, str elettronici; Muller Torsten: cb; Lytton Paul: batt, str elettronici; Katzer Georg: computer str elettronici.
650 ## - SUBJECT ADDED ENTRY--TOPICAL TERM
Topical term or geographic name as entry element JAZZ [COMPACT DISC]
Relator term Codice MATERIA SPICS: 9949
9 (RLIN) 11822
700 ## - ADDED ENTRY--PERSONAL NAME
Personal name Van Hove Fred
Dates associated with a name Codice autore musica SPICS: 46250
Relator term Autore musica
Name of part/section of a work Responsible
9 (RLIN) 31141
700 ## - ADDED ENTRY--PERSONAL NAME
Personal name Reichel Hans
Dates associated with a name Codice autore musica SPICS: 46251
Relator term Autore musica
Name of part/section of a work Good Days
9 (RLIN) 31142
700 ## - ADDED ENTRY--PERSONAL NAME
Personal name Monk Thelonious
Dates associated with a name Codice autore musica SPICS: 10795
Relator term Autore musica
Name of part/section of a work Evidence
9 (RLIN) 31143
700 ## - ADDED ENTRY--PERSONAL NAME
Personal name Lee Jeanne
Dates associated with a name Codice autore musica SPICS: 46252
Relator term Autore musica
Name of part/section of a work In These Last Days
9 (RLIN) 31144
700 ## - ADDED ENTRY--PERSONAL NAME
Personal name Parker Evan
Dates associated with a name Codice autore musica SPICS: 46253
Relator term Autore musica
Name of part/section of a work Ressurrection of Yarak
9 (RLIN) 31145
700 ## - ADDED ENTRY--PERSONAL NAME
Personal name Schlippenbach Alexander Von
Dates associated with a name Codice autore SPICS: 46254
Relator term Autore
Name of part/section of a work Ressurrection of Yarak
9 (RLIN) 31146
700 ## - ADDED ENTRY--PERSONAL NAME
Personal name Lovens Paul
Dates associated with a name Codice autore testo/musica SPICS: 46255
Relator term Autore testo/musica
Name of part/section of a work Ressurrection of Yarak
9 (RLIN) 31147
700 ## - ADDED ENTRY--PERSONAL NAME
Personal name Sommer Gunter
Dates associated with a name Codice autore musica SPICS: 46256
Relator term Autore musica
Name of part/section of a work Auf Der Elbe Schwimmt Ein Rosa Krokodil
9 (RLIN) 31148
700 ## - ADDED ENTRY--PERSONAL NAME
Personal name Lacy Steve
Dates associated with a name Codice autore musica SPICS: 10217
Relator term Autore musica
Name of part/section of a work Nocturnal Chirps 3
9 (RLIN) 31149
700 ## - ADDED ENTRY--PERSONAL NAME
Personal name Parker Evan
Dates associated with a name Codice autore SPICS: 46253
Relator term Autore
Name of part/section of a work Nocturnal Chirps 3 - Translation - Oh, My God
9 (RLIN) 31150
700 ## - ADDED ENTRY--PERSONAL NAME
Personal name King Ubu Orchestru
Dates associated with a name Codice autore musica SPICS: 46257
Relator term Autore musica
Name of part/section of a work Translation
9 (RLIN) 31151
700 ## - ADDED ENTRY--PERSONAL NAME
Personal name Tippett Keith
Dates associated with a name Codice autore musica SPICS: 46258
Relator term Autore musica
Name of part/section of a work Oh, My God
9 (RLIN) 31152
942 ## - ADDED ENTRY ELEMENTS (KOHA)
Koha item type CD AUDIO
Source of classification or shelving scheme Dewey Decimal Classification
Dati di copia
Withdrawn status Lost status Damaged status Not for loan Home library Current library Date acquired Total Checkouts Full call number Date last seen Price effective from Koha item type Public note
    Buone Condizioni Not For Loan SPICS-MEDIATECA SPICS-MEDIATECA 25/10/2013   D7449 25/10/2013 25/10/2013 CD AUDIO Progr. Ins.: 2173 / N.Vol.: 1 / Copie: 1 - Copia rara: n.d. / date import: 01.01.2014 - By Epidotti, Trombetti, Vaglietti
CREDITS: SOCIETA' SAN PAOLO Via A.Severo, 58 - ROMA (RM) & PERIODICI SAN PAOLO SRL Via Giotto, 36 MILANO & CISF Via Giotto, 36 MILANO & EDIZIONI SAN PAOLO SRL,  Piazza Soncino, 5 CINISELLO BALSAMO (MI) -- ITALY